Datos sobre Corea
Guardat en:
| Autor corporatiu: | |
|---|---|
| Format: | Llibre |
| Idioma: | espanyol |
| Publicat: |
Seúl
Servicio Informativo Coreano de Ultramar
1981
|
| Edició: | 16a. ed |
| Matèries: | |
| Etiquetes: |
Afegir etiqueta
Sense etiquetes, Sigues el primer a etiquetar aquest registre!
|
MARC
| LEADER | 00000nam a2200000 a 4500 | ||
|---|---|---|---|
| 001 | UCO2234 | ||
| 003 | CL-VaPUC | ||
| 008 | 000602e19810000KO |||||||||||||||||spa|d | ||
| 082 | 0 | 4 | |a 951.9 |b SER |2 21 |
| 110 | 2 | |a Servicio Informativo Coreano de Ultramar |e author |9 445204 | |
| 245 | 1 | 0 | |a Datos sobre Corea |
| 250 | |a 16a. ed | ||
| 300 | |a 301 p | ||
| 942 | |c BK | ||
| 945 | |d 20000602 00:00:00 |a rherrera | ||
| 260 | |a Seúl |b Servicio Informativo Coreano de Ultramar |c 1981 | ||
| 650 | 7 | |a HISTORIA DE COREA |2 CL-VaPUC |9 428307 | |
| 650 | 0 | |a Historia constitucional |9 256052 | |
| 650 | 0 | |a Desarrollo económico y social |9 256320 | |
| 650 | 0 | |a Costumbres y tradiciones |9 268292 | |
| 651 | 7 | |a COREA |2 CL-VaPUC |9 317315 | |
| 583 | |a last modification |c 20131001 12:58:30 |k Rodrigo Vera | ||
| 999 | |c 288773 |d 288771 | ||
| 952 | |0 0 |1 0 |4 0 |6 951_900000000000000_SER_1981 |7 0 |8 A |9 336692 |a BIBHIS |b BIBHIS |d 2019-11-20 |i 1283871 |o 951.9 SER 1981 |p 1283871 |r 2025-01-20 |w 2019-11-20 |y BK |k HIS | ||